El primo /
Kaydedildi:
| Yazar: | |
|---|---|
| Materyal Türü: | Bilinmiyor |
| Dil: | Spanish |
| Baskı/Yayın Bilgisi: |
San José, Costa Rica :
Editorial Costa Rica,
1980.
|
| Edisyon: | 4. edición |
| Konular: | |
| Etiketler: |
Etiketle
Etiket eklenmemiş, İlk siz ekleyin!
|
MARC
| LEADER | 000000000a22000000004500 | ||
|---|---|---|---|
| 001 | 001461 | ||
| 003 | CIICLA | ||
| 005 | 20150528145113.0 | ||
| 007 | ta | ||
| 008 | 140318s1980 cr |||g |||| 000 f spa d | ||
| 040 | |c cru CIICLA Universidad de Costa Rica | ||
| 041 | 0 | |a español | |
| 082 | |a CR863.4 |b C268p4 | ||
| 100 | 1 | |a Cardona, Jenaro |d 1863-1930 | |
| 245 | 1 | 3 | |a El primo / |c Jenaro Cardona |
| 250 | |a 4. edición | ||
| 260 | |a San José, Costa Rica : |b Editorial Costa Rica, |c 1980. | ||
| 300 | |a 210 páginas | ||
| 650 | 1 | 4 | |a LITERATURA COSTARRICENSE |v NOVELA |
| 942 | |2 ddc |c BK | ||
| 999 | |c 4209 |d 4209 | ||
